MARC-Details
| 000 -LEADER |
| fixed length control field |
02530pam a2200733 cc4500 |
| 001 - CONTROL NUMBER |
| control field |
1292392401 |
| 003 - CONTROL NUMBER IDENTIFIER |
| control field |
DE-101 |
| 005 - DATE AND TIME OF LATEST TRANSACTION |
| control field |
20260217130641.0 |
| 007 - PHYSICAL DESCRIPTION FIXED FIELD--GENERAL INFORMATION |
| fixed length control field |
tu |
| 008 - FIXED-LENGTH DATA ELEMENTS--GENERAL INFORMATION |
| fixed length control field |
230608s2023 gw ||||| |||| 00||||ger |
| 015 ## - NATIONAL BIBLIOGRAPHY NUMBER |
| National bibliography number |
24,A29 |
| Canceled/invalid national bibliography number |
23,N24 |
| Source |
dnb |
| 016 7# - NATIONAL BIBLIOGRAPHIC AGENCY CONTROL NUMBER |
| Source |
DE-101 |
| Record control number |
1292392401 |
| 020 ## - INTERNATIONAL STANDARD BOOK NUMBER |
| International Standard Book Number |
9783842090774 |
| Terms of availability |
Broschur : EUR 7.00 (DE), EUR 7.25 (AT) |
| 020 ## - INTERNATIONAL STANDARD BOOK NUMBER |
| International Standard Book Number |
3842090773 |
| 024 3# - OTHER STANDARD IDENTIFIER |
| Standard number or code |
9783842090774 |
| 035 ## - SYSTEM CONTROL NUMBER |
| System control number |
(DE-599)DNB1292392401 |
| 035 ## - SYSTEM CONTROL NUMBER |
| System control number |
(OCoLC)1446440881 |
| 040 ## - CATALOGING SOURCE |
| Original cataloging agency |
1245 |
| Language of cataloging |
ger |
| Transcribing agency |
DE-101 |
| Modifying agency |
9999 |
| Description conventions |
rda |
| 041 ## - LANGUAGE CODE |
| Language code of text/sound track or separate title |
ger |
| Language code of original |
jpn |
| 044 ## - COUNTRY OF PUBLISHING/PRODUCING ENTITY CODE |
| ISO country code |
XA-DE-HH |
| 082 74 - DEWEY DECIMAL CLASSIFICATION NUMBER |
| Classification number |
741.5 |
| Assigning agency |
DE-101 |
| Edition number |
23sdnb |
| 100 0# - MAIN ENTRY--PERSONAL NAME |
| Authority record control number or standard number |
(DE-588)1269921827 |
| -- |
https://d-nb.info/gnd/1269921827 |
| -- |
(DE-101)1269921827 |
| Personal name |
Kujira |
| Relator term |
Verfasser |
| Relationship |
aut |
| Source of heading or term |
gnd |
| 245 10 - TITLE STATEMENT |
| Title |
Alice und die Halbbluthexe |
| Number of part/section of a work |
1 |
| Statement of responsibility, etc. |
Kujira ; aus dem Japanischen von Mareen Sickel |
| 250 ## - EDITION STATEMENT |
| Edition statement |
1. Auflage |
| 264 31 - PRODUCTION, PUBLICATION, DISTRIBUTION, MANUFACTURE, AND COPYRIGHT NOTICE |
| Place of production, publication, distribution, manufacture |
Hamburg |
| Name of producer, publisher, distributor, manufacturer |
TOKYOPOP |
| Date of production, publication, distribution, manufacture, or copyright notice |
2023 |
| 300 ## - PHYSICAL DESCRIPTION |
| Extent |
circa 144 Seiten |
| Accompanying material |
1 Miniprint |
| 336 ## - CONTENT TYPE |
| Content type term |
Text |
| Content type code |
txt |
| Source |
rdacontent |
| 336 ## - CONTENT TYPE |
| Content type term |
unbewegtes Bild |
| Content type code |
sti |
| Source |
rdacontent |
| 337 ## - MEDIA TYPE |
| Media type term |
ohne Hilfsmittel zu benutzen |
| Media type code |
n |
| Source |
rdamedia |
| 338 ## - CARRIER TYPE |
| Carrier type term |
Band |
| Carrier type code |
nc |
| Source |
rdacarrier |
| 653 ## - INDEX TERM--UNCONTROLLED |
| Uncontrolled term |
(Produktform)Paperback / softback |
| 653 ## - INDEX TERM--UNCONTROLLED |
| Uncontrolled term |
(Zielgruppe)Junge Erwachsene |
| 653 ## - INDEX TERM--UNCONTROLLED |
| Uncontrolled term |
(Zielgruppe)Kinder/Jugendliche |
| 653 ## - INDEX TERM--UNCONTROLLED |
| Uncontrolled term |
(Zielgruppe)ab 15 Jahre |
| 653 ## - INDEX TERM--UNCONTROLLED |
| Uncontrolled term |
first girls love |
| 653 ## - INDEX TERM--UNCONTROLLED |
| Uncontrolled term |
yuri manga |
| 653 ## - INDEX TERM--UNCONTROLLED |
| Uncontrolled term |
citrus manga |
| 653 ## - INDEX TERM--UNCONTROLLED |
| Uncontrolled term |
girls love manga |
| 653 ## - INDEX TERM--UNCONTROLLED |
| Uncontrolled term |
lgtbq manga |
| 653 ## - INDEX TERM--UNCONTROLLED |
| Uncontrolled term |
switch me on |
| 653 ## - INDEX TERM--UNCONTROLLED |
| Uncontrolled term |
Sekai no Owari to Majo no Koi |
| 653 ## - INDEX TERM--UNCONTROLLED |
| Uncontrolled term |
kurzserie |
| 653 ## - INDEX TERM--UNCONTROLLED |
| Uncontrolled term |
hexen |
| 653 ## - INDEX TERM--UNCONTROLLED |
| Uncontrolled term |
magie |
| 653 ## - INDEX TERM--UNCONTROLLED |
| Uncontrolled term |
außenseiterin |
| 653 ## - INDEX TERM--UNCONTROLLED |
| Uncontrolled term |
fantasy manga |
| 653 ## - INDEX TERM--UNCONTROLLED |
| Uncontrolled term |
hexenakademie |
| 653 ## - INDEX TERM--UNCONTROLLED |
| Uncontrolled term |
magische kräfte |
| 653 ## - INDEX TERM--UNCONTROLLED |
| Uncontrolled term |
(VLB-WN)2182: Taschenbuch / Belletristik/Comic, Cartoon, Humor, Satire/Manga, Manhwa |
| 653 ## - INDEX TERM--UNCONTROLLED |
| Uncontrolled term |
(BISAC Subject Heading)CGN004120 |
| 653 ## - INDEX TERM--UNCONTROLLED |
| Uncontrolled term |
(BISAC Subject Heading)CGN004310 |
| 653 ## - INDEX TERM--UNCONTROLLED |
| Uncontrolled term |
Drama |
| 653 ## - INDEX TERM--UNCONTROLLED |
| Uncontrolled term |
Romance |
| 653 ## - INDEX TERM--UNCONTROLLED |
| Uncontrolled term |
School Life |
| 653 ## - INDEX TERM--UNCONTROLLED |
| Uncontrolled term |
Supernatural |
| 653 ## - INDEX TERM--UNCONTROLLED |
| Uncontrolled term |
Girls Love |
| 653 ## - INDEX TERM--UNCONTROLLED |
| Uncontrolled term |
Akademie |
| 655 #7 - INDEX TERM--GENRE/FORM |
| Authority record control number or standard number |
(DE-588)4010427-8 |
| -- |
https://d-nb.info/gnd/4010427-8 |
| -- |
(DE-101)040104273 |
| Genre/form data or focus term |
Comic |
| Source of term |
gnd-content |
| 773 08 - HOST ITEM ENTRY |
| Enumeration and first page |
11 |
| Record control number |
(DE-101)1316370461 |
| 776 08 - ADDITIONAL PHYSICAL FORM ENTRY |
| Relationship information |
Erscheint auch als |
| Note |
Online-Ausgabe |
| Title |
Alice und die Halbbluthexe, Band 01 |
| Place, publisher, and date of publication |
Hamburg : TOKYOPOP Verlag, 2023 |
| Physical description |
Online-Ressource, 144 Seiten |
| Record control number |
(DE-101)130702842X |
| 856 42 - ELECTRONIC LOCATION AND ACCESS |
| Contact for access assistance |
B:DE-101 |
| Electronic format type |
application/pdf |
| Uniform Resource Identifier |
<a href="https://d-nb.info/1292392401/04">https://d-nb.info/1292392401/04</a> |
| Materials specified |
Inhaltsverzeichnis |
| 942 ## - ADDED ENTRY ELEMENTS (KOHA) |
| Source of classification or shelving scheme |
Dewey Decimal Classification |
| Koha item type |
Manga |
| Suppress in OPAC |
No |